| 000 | 00000nam##2200000za#4500 |
| 001 | 9.699552 |
| 003 | CaOODSP |
| 005 | 20231005135743 |
| 007 | cr ||||||||||| |
| 008 | 150407|2014||||xxc|||||o f|0| 0 eng|d |
| 020 | |a978-1-100-24689-5 |
| 040 | |aCaOODSP|beng |
| 043 | |an-cn--- |
| 086 | 1 |aR62-442/2014E-PDF |
| 110 | 2 |aParks Canada. |bOffice of Internal Audit and Evaluation. |
| 245 | 10|aEvaluation of Parks Canada's national park establishment and expansion sub-program : |h[electronic resource]|bfinal report – June 10, 2014 |
| 260 | |aGatineau - Quebec : |bParks Canada. |cJune 2014. |
| 300 | |a56p.|bfig., graph, map, tables |
| 590 | |a15-13|b2015-03-27 |
| 775 | 08|tÉvaluation du sous-programme de création et d'agrandissement de parcs nationaux de Parcs Canada : |w(CaOODSP)9.643508 |
| 776 | 0#|tEvaluation of Parks Canada's national park establishment and expansion sub-program |w(CaOODSP)9.630176 |
| 856 | 40|ahttp://publications.gc.ca|qPDF|s1.35 MB|uhttps://publications.gc.ca/collections/collection_2015/pc/R62-442-2014-eng.pdf |